00379nam a22001337a 4500003000400000020001800004082001700022100002300039245004700062250001300109260005000122300003800172650003500210SGT a9788181915320 a617.63bT24S aShivhare, Peeyush  aTextbook of Oral Medicine & Oral Radiology a2nd Ed.  aDelhi, India bParas Medical Publishersc2024 aVol. 1 - 1-574; Vol. 2 - 575-1132 aOral Medicine; Oral Radiology